书目信息 |
| 题名: |
中药学专业知识
|
|
| 作者: | 杨瑶珺 , 刘斌 主编 | |
| 分册: | 一 | |
| 出版信息: | 北京 中国医药科技出版社 2017.05 |
|
| 页数: | 312页 | |
| 开本: | 26cm | |
| 丛书名: | 2017国家执业药师考试强化训练题集 | |
| 单 册: | ||
| 中图分类: | R28-44 | |
| 科图分类: | ||
| 主题词: | 中药学--zhong yao xue--资格考试--习题集 | |
| 电子资源: | ||
| ISBN: | 978-7-5067-9262-2 | |
| 000 | 01118nam 2200289 450 | |
| 001 | CAL 003461195 | |
| 005 | 20171211152602.82 | |
| 010 | @a978-7-5067-9262-2@b@dCNY62.00 | |
| 100 | @a20170725d2017 em y0chiy50 ea | |
| 101 | 0 | @achi |
| 102 | @aCN@b110000 | |
| 105 | @ay q 000yy | |
| 106 | @ar | |
| 200 | 1 | @a中药学专业知识@Azhong yao xue zhuan ye zhi shi@g@h一@f杨瑶珺, 刘斌主编@Fyang yao jun,liu bin zhu bian |
| 210 | @a北京@c中国医药科技出版社@d2017.05 | |
| 215 | @a312页@c@d26cm | |
| 225 | 2 | @a2017国家执业药师考试强化训练题集@A2017 guo jia zhi ye yao shi kao shi qiang hua xun lian ti ji |
| 330 | @a本书根据执业药师考试大纲和考试指南的内容要求编写而成, 按章节编排, 每道题目给出解析、考点发散和答案, 题量丰富, 覆盖面广, 是参加2017年国家执业药师考试考生的必备参考书。 | |
| 410 | 0 | @12001 @a2017国家执业药师考试强化训练题集 |
| 606 | 0 | @a中药学@Azhong yao xue@x资格考试@j习题集 |
| 690 | @aR28-44@v5 | |
| 701 | 0 | @a杨瑶珺@Ayang yao jun@4主编 |
| 701 | 0 | @a刘斌@Aliu bin@4主编 |
| 801 | 0 | @aCN@b人天书店@c20170725@g |
| 905 | @aBZT@dR28-44@e12-1 | |
| 906 | @dCNY62.00@n3@r1 | |
| 969 | @aYBBK@bYBBK | |
| 中药学专业知识.一/杨瑶珺, 刘斌主编.-北京:中国医药科技出版社,2017.05 |
| 312页;26cm.-(2017国家执业药师考试强化训练题集) |
| ISBN 978-7-5067-9262-2:CNY62.00 |
| 本书根据执业药师考试大纲和考试指南的内容要求编写而成, 按章节编排, 每道题目给出解析、考点发散和答案, 题量丰富, 覆盖面广, 是参加2017年国家执业药师考试考生的必备参考书。 |
| ● |
| 相关链接 |
|
|
|
正题名:中药学专业知识
索取号:R28-44/12-1
 
预约/预借
| 序号 | 登录号 | 条形码 | 馆藏地/架位号 | 状态 | 备注 |
| 1 | 840243 | 2000840243 | 第二书库/ [索取号:R28-44/12-1] | 在馆 | |
| 2 | 840244 | 2000840244 | 第二书库/ [索取号:R28-44/12-1] | 在馆 | |
| 3 | 840245 | 2000840245 | 第二书库/ [索取号:R28-44/12-1] | 在馆 |